Tourism : a modern synthesis (Record no. 36614)

MARC details
000 -LEADER
fixed length control field 00483nam a2200193Ia 4500
020 ## - INTERNATIONAL STANDARD BOOK NUMBER
ISBN 1844801985 (pbk.) |a 9781844801985 (pbk.)
050 ## - CALL MARK
Classification number G 155. P34 /
100 ## - STATEMENT OF RESPONSIBILITY--MAIN AUTHOR NAME
Personal name Page, Stephen,
245 #0 - TITLE STATEMENT
Title Tourism : a modern synthesis
250 ## - EDITION / VOLUME STATEMENT
Edition / Volume statement 2nd ed.
260 ## - PUBLICATION, DISTRIBUTION, ETC. (IMPRINT)
Place of publication London
260 ## - PUBLICATION, DISTRIBUTION, ETC. (IMPRINT)
Name of publisher Thomson
260 ## - PUBLICATION, DISTRIBUTION, ETC. (IMPRINT)
Year of publication 2006
300 ## - PHYSICAL DESCRIPTION
Number of Pages 546 p
650 ## - SUBJECT ADDED ENTRY--TOPICAL TERM
Topical Term Tourism. Cities and towns.
942 ## - ADDED ENTRY ELEMENTS (KOHA)
Koha item type Books
Holdings
Withdrawn status Lost status Source of classification or shelving scheme Damaged status Not for loan Permanent Location Current Location Date acquired Accession Number Price effective from Koha item type
    Library of Congress Classification     NILE UNIVERSITY OF NIGERIA - MAIN LIBRARY NILE UNIVERSITY OF NIGERIA - MAIN LIBRARY 04/23/2025 0002482 04/23/2025 Books